ARRUPE JESUIT UNIVERSITY

CORONAVIRUS -STOP THE SPREAD - CLEAN,DISINFECT,COVER

The face finder (Record no. 128846)

MARC details
000 -LEADER
fixed length control field 00975cam a2200301 4500
001 - CONTROL NUMBER
control field 3159221
003 - CONTROL NUMBER IDENTIFIER
control field ARRUPE
005 - DATE AND TIME OF LATEST TRANSACTION
control field 20190129153438.0
008 - FIXED-LENGTH DATA ELEMENTS--GENERAL INFORMATION
fixed length control field 710831s1971 enkacf 001 0 eng
010 ## - LIBRARY OF CONGRESS CONTROL NUMBER
LC control number 74583216
015 ## - NATIONAL BIBLIOGRAPHY NUMBER
National bibliography number B71-05647
020 ## - INTERNATIONAL STANDARD BOOK NUMBER
International Standard Book Number 0091055105
040 ## - CATALOGING SOURCE
Original cataloging agency DLC
Transcribing agency DLC
Modifying agency DLC
041 1# - LANGUAGE CODE
Language code of text/sound track or separate title engger
050 00 - LIBRARY OF CONGRESS CALL NUMBER
Classification number SPC GN64
Item number .G413 1971b
082 00 - DEWEY DECIMAL CLASSIFICATION NUMBER
Classification number 573/.6/92
300 ## - PHYSICAL DESCRIPTION
Other physical details illus., port.
Dimensions 24 cm.
100 1# - MAIN ENTRY--PERSONAL NAME
Personal name Gerasimov, M. M.
Fuller form of name (Mikhail Mikhaĭlovich),
Dates associated with a name 1907-1970.
9 (RLIN) 44249
240 10 - UNIFORM TITLE
Uniform title <a href="Ich suchte Gesichter.">Ich suchte Gesichter.</a>
Language of a work English
245 14 - TITLE STATEMENT
Title The face finder
Statement of responsibility, etc [by] Mikhail Gerasimov; translated from the German by Alan Houghton Brodrick.
260 ## - PUBLICATION, DISTRIBUTION, ETC. (IMPRINT)
Place of publication, distribution, etc London,
Name of publisher, distributor, etc Hutchinson,
Date of publication, distribution, etc 1971.
300 ## - PHYSICAL DESCRIPTION
Extent xxiii, 199 p., 16 plates.
350 ## - PRICE (NR) (BK AM CF MU VM SE) [OBSOLETE]
Price £3.00
500 ## - GENERAL NOTE
General note Translation of Ich suchte Gesichter.
650 #0 - SUBJECT ADDED ENTRY--TOPICAL TERM
Topical term or geographic name as entry element Craniology.
9 (RLIN) 44250
650 #0 - SUBJECT ADDED ENTRY--TOPICAL TERM
Topical term or geographic name as entry element Face.
9 (RLIN) 44251
650 #0 - SUBJECT ADDED ENTRY--TOPICAL TERM
Topical term or geographic name as entry element Dead
General subdivision Identification.
9 (RLIN) 44252
700 ## - ADDED ENTRY--PERSONAL NAME
Personal name Brodrick, Alan H
Relator term tr.
9 (RLIN) 44253
906 ## - LOCAL DATA ELEMENT F, LDF (RLIN)
a 7
b cbc
c orignew
d 3
e ncip
f 19
g y-gencatlg
942 ## - ADDED ENTRY ELEMENTS (KOHA)
Source of classification or shelving scheme Library of Congress Classification
Koha item type SPC
Holdings
Withdrawn status Lost status Source of classification or shelving scheme Damaged status Not for loan Home library Current library Date acquired Total Checkouts Full call number Barcode Date last seen Price effective from Koha item type
    Library of Congress Classification     ARRUPE LIBRARY ARRUPE LIBRARY 29/01/2019   SPC GN64 .G413 1971b 46600003450 29/01/2019 29/01/2019 SPC

 

Arrupe Library. PO Box MP320 Mt Pleasant, Harare, Zimbabwe
263 242 745411|librarian@aju.ac.zw